Inovação no setor público : (Record no. 1542)
[ view plain ]
| 000 -LÍDER | |
|---|---|
| Campo Fixo de Controle | 00970nam a2200265 a 4500 |
| 001 - NÚMERO DE CONTROLE | |
| Campo de Controle | 1542 |
| 003 - IDENTIFICAÇÃO DO NÚMERO DE CONTROLE | |
| Campo de Controle | BR-CuiBMT |
| 005 - DATA E HORA DA ÚLTIMA ATUALIZAÇÃO | |
| Campo de Controle | 20231214235036.0 |
| 008 - DADOS FIXOS | |
| Dados Fixos | 231213s2014 dfba 000 0 por d |
| 040 ## - AGÊNCIA CATALOGADORA | |
| Código da Agência Catalogadora | BR-CuiBMT |
| Agência que transcreveu o registro | BR-CuiBMT |
| 080 ## - Nº DA CLASSIFICAÇÃO DECIMAL UNIVERSAL | |
| Nº Class. CDU | 35:005.591.6 |
| Nº edição CDU | 2007 |
| 090 ## - NÚMERO DE CHAMADA | |
| Nº classificação | 35:005.591.6 |
| Cutter | O48i |
| 100 1# - ENTRADA PRINCIPAL -- AUTOR PESSOAL | |
| Nome pessoal | Oliveira, Luiz Guilherme de |
| 245 00 - TÍTULO PRINCIPAL | |
| Título principal | Inovação no setor público : |
| Subtítulo | uma reflexão a partir das experiências premiadas no concurso inovação na gestão pública federal / |
| Indicação de responsabilidade | Luiz Guilherme de Oliveira, Rafael Liberal Ferreira de Santana, Vanessa Cabral Gomes |
| 260 ## - PUBLICAÇÃO, DISTRIBUIÇÃO, ETC. | |
| Local de publicação | Brasília : |
| Editora | ENAP ; |
| Data | 2014. |
| 300 ## - DESCRIÇÃO FÍSICA | |
| N. páginas ou volumes | 59 p. : |
| Ilustrações | il. ; |
| Dimensões | 30 cm |
| 490 1# - INDICAÇÃO DE SÉRIE | |
| Título da série | Cadernos ENAP ; |
| Volume/designação sequencial da série | 38 |
| 504 ## - NOTA DE BIBLIOGRAFIA, ETC. | |
| Nota de bibliografia | Inclui bibliografia. |
| 650 ## - ASSUNTO TÓPICO | |
| Cabeçalho tópico ou nome geográfico | Administração pública |
| Subdivisão geral | Gestão |
| 650 ## - ASSUNTO TÓPICO | |
| Cabeçalho tópico ou nome geográfico | Administração pública |
| Subdivisão geral | Inovação |
| 700 1# - ENTRADA SECUNDÁRIA -- NOME PESSOAL | |
| Nome pessoal | Santana, Rafael Liberal Ferreira de |
| 700 1# - ENTRADA SECUNDÁRIA -- NOME PESSOAL | |
| Nome pessoal | Gomes, Vanessa Cabral |
| 830 ## - ENTRADA SECUNDÁRIA DE SÉRIE -- TÍTULO UNIFORME | |
| Título uniforme | Cadernos ENAP ; |
| Nº do volume/designação sequencial da série | 38 |
| 942 ## - ELEMENTOS DE ENTRADA ADICIONAIS (KOHA) | |
| Fonte de classificação ou esquema de arquivamento | Classificação Decimal Universal |
| Tipo de item do Koha | Livros |
| Estado: removido | Estado: perdido | Fonte de classificação ou esquema de arquivamento | Estado: danificado | Indisponível para empréstimo | Localização permanente | Localização atual | Data de aquisição | Total Checkouts | Número de Chamada completo | Código de barras | Date last seen | Número do exemplar | Preço efetivo a partir de | Tipo de item (Koha) |
|---|---|---|---|---|---|---|---|---|---|---|---|---|---|---|
| Classificação Decimal Universal | Biblioteca da Escola Superior de Contas do TCE/MT | Biblioteca da Escola Superior de Contas do TCE/MT | 14/12/2023 | 35:005.591.6 O48i | BIBTCEMT23120518 | 14/12/2023 | Ex. 1 | 14/12/2023 | Livros |